Statystyki dla Państwa Morza Śródziemnego z pustą mapą

Kliknij tutaj aby rozwiązać quiz!

Ogólne statystyki

  • Ten quiz został rozwiązany 243 razy
  • Średni wynik to 20 z 21

Odpowiedzi na mapie

Odpowiedzi skodowane kolorowo w zielono-czerwonej skali na mapie do tego quizu, zgodnie z poniższymi procentami.
 

Statystyki odpowiedzi

Kraj% Poprawnych
Francja
99%
Grecja
99%
Włochy
99%
Chorwacja
98%
Egipt
98%
Hiszpania
98%
Turcja
98%
Albania
97%
Bośnia i Hercegowina
96%
Cypr
96%
Maroko
96%
Algieria
95%
Libia
95%
Tunezja
95%
Izrael
94%
Czarnogóra
93%
Syria
91%
Słowenia
85%
Liban
84%
Malta
78%
Monako
75%

Rozkład punktacji

Percentyl według liczby udzielonych odpowiedzi

Procent ludzi z każdym wynikiem

Twoja historia wyników

Nie rozwiązałeś tego quizu